000 00660nam a22001937a 4500
005 20251108172730.0
008 250721s1989 xx 000 0 ara d
082 1 4 _a332.7/حيد
100 1 _aحيدر، هزار سليمان
_eمؤلف
245 1 0 _aالضمانات المصرفية التعاقدية في نطاق التجارة الدولية... /
264 1 _aبيروت :
_bإتحاد المصارف العربية،
_c1989.
300 _a295ص
650 1 7 _aالبنوك
650 1 7 _aالتجارة الدولية
650 1 7 _aالعلوم المصرفية
650 1 7 _aالتسليف التجاري
942 _2ddc
_cBK
999 _c87113
_d87113